Call of Duty 4: Modern Warfare Campaign Missions - Statistics

General Stats
  • This quiz has been taken 7 times
  • The average score is 15 of 21
Answer Stats
Hints Answers % Correct
Act I Charlie Don't Surf
100%
Act II All Ghillied Up
86%
Prologue F.N.G
86%
Epilogue Mile High Club
86%
Act III No Fighting In The War Room
86%
Act II One Shot, One Kill
86%
Act I The Bog
86%
Prologue The Coup
86%
Act I War Pig
86%
Act I Aftermath
71%
Act I Blackout
71%
Act I Death From Above
71%
Act I Hunted
71%
Act II Safehouse
71%
Act I Shock and Awe
71%
Prologue Crew Expendable
57%
Act III Game Over
57%
Act II Heat
57%
Act II The Sins of the Father
57%
Act III Ultimatum
57%
Act III All In
29%
No matching quizzes found
Score Distribution
Percent of People with Each Score
Percentile by Number Answered
Your Score History
You have not taken this quiz